| 000 | 00822cam a2200265 4500 | ||
|---|---|---|---|
| 001 | M2291 | ||
| 008 | 090401t1996 xxu||||| |||| 00| 0 eng d | ||
| 035 | _a(Sirsi) u96388 | ||
| 041 | _aeng | ||
| 110 |
_aRoyal Institution of Chartered Surveyors _94900 |
||
| 245 | _aConsultation paper : Draft Planning Guidance Note 23 : waste in England. | ||
| 260 |
_aLondon _bRICS _c1996 |
||
| 300 | _a8p. ; 30cm. | ||
| 350 | _a4 | ||
| 490 |
_aRICS Memorandum _vPU/Report(96)19 |
||
| 520 | _aPrepared in response to the DoE consultation paper PPG23, Waste in England. | ||
| 650 | _aDRAFT PLANNING POLICY GUIDANCE NOTE 23 | ||
| 650 | _aPPG23 | ||
| 650 | _aWASTE DISPOSAL | ||
| 650 | _aWASTE MANAGEMENT | ||
| 650 | _aWASTE PLANNING AUTHORITIES | ||
| 690 | _aPLANNING LAW AND PRACTICE | ||
| 942 | _n0 | ||
| 948 | _c04/03/1997 | ||
| 999 |
_c98656 _d98656 |
||